| 000 | 01595nam1a22003251 4500 | ||
|---|---|---|---|
| 001 | rc\4206416 | ||
| 005 | 20250807185149.0 | ||
| 035 | _a(NLR Aleph) 008206088 | ||
| 090 |
_a88654 _c88654 |
||
| 100 | _a20130415d1946 u y0rusy50 ca | ||
| 101 | 0 | _arus | |
| 102 | _aRU | ||
| 105 | _a g ||||| | ||
| 200 | 1 |
_aСправочник для калькуляции ремонтных ведомостей и сопоставления смет по ремонту и судостроению речного флота _e[Утв. 31/VIII-1944 г.] _eКн. 1- _fНар. ком. речного флота СССР. Отд. труда и зарплаты |
|
| 210 |
_aМосква _cРечиздат _d1946 _gТип. "Гудок" |
||
| 215 | _d22х30 | ||
| 300 | _aНа 2-й с. указаны составители: С.Е. Бандорин, С.И. Ковалев, А.С. Макаров и др. | ||
| 606 |
_aСуда речные _xРемонт _jСметные справочники _2psbo |
||
| 606 |
_aСудостроение речное _jСметные справочники _2psbo |
||
| 702 | 1 |
_aБандорин _bС.Е. _4220 |
|
| 702 | 1 |
_aКовалев _bС.И. _4220 |
|
| 702 | 1 |
_aМакаров _bА.С. _4220 |
|
| 710 | 0 | 1 |
_aСССР _bМинистерство речного флота _bОтдел труда и заработной платы _3RU\NLR\AUTH\8810163107 |
| 801 | 0 |
_aRU _bNLR _gpsbo |
|
| 801 | 1 |
_aRU _bELAR _2rusmarc |
|
| 852 |
_aNLR _jТ90 Г-6/79 |
||
| 942 | _cBOOK | ||
| 945 | _aРоссийская национальная библиотека | ||
| 980 | _aNB | ||
| 980 | _aBV | ||